header

Genome sequencing technology and algorithms (Record no. 36019)

MARC details
000 -LEADER
fixed length control field 01227nam a2200325Ia 4500
245 00 - TITLE STATEMENT
Title Genome sequencing technology and algorithms
260 ## - PUBLICATION, DISTRIBUTION, ETC. (IMPRINT)
Place of publication Boston :
Name of publisher Artech House,
Year of publication c2008.
300 ## - PHYSICAL DESCRIPTION
Number of Pages xiv, 259 p. :
Other physical details ill.
650 #0 - SUBJECT ADDED ENTRY--TOPICAL TERM
Topical Term Genomes
Topical Term Nucleotide sequence.
700 1# - ADDED ENTRY--PERSONAL NAME
Personal name Kim, Sun,
Personal name Mardis, Elaine,
Personal name Tang, Haixu.
856 40 - ELECTRONIC LOCATION AND ACCESS
Uniform Resource Identifier http://site.ebrary.com/lib/rucke/Doc?id=10240788

No items available.

© 2026 Rongo University
Contact us: librarian | system librarian | Rongo university